Succus theologiae moralis (Record no. 8502)

MARC details
000 -CABECERA
campo de control de longitud fija 00911nam a2200181 a 4500
001 - NÚMERO DE CONTROL
campo de control BRCA_8851
005 - FECHA Y HORA DE LA ÚLTIMA TRANSACCIÓN
campo de control 20190320210432.0
008 - DATOS DE LONGITUD FIJA--INFORMACIÓN GENERAL
campo de control de longitud fija 120517s--------sp-#######---#000-0#lat-#
041 ## - CÓDIGO DE LENGUA
Código de lengua del texto/banda sonora o título independiente lat
084 ## - OTRO NÚMERO DE CLASIFICACIÓN
Número de clasificación BE233
Número de documento/Ítem .O95
100 1# - ENTRADA PRINCIPAL--NOMBRE DE PERSONA
Nombre de persona Oviedo, Joanne Antonio de
9 (RLIN) 22045
245 10 - MENCIÓN DE TÍTULO
Título Succus theologiae moralis
Resto del título pro maiori poenitentium, et confessariorum
Mención de responsabilidad, etc. expeditione diligenter expressus A. P. Joanne Antonio de Oviedo; Quem dicat, et vovet sanctissimae virgini, et dei-genitrici Mariae, cujus Imago sub titulo del refugio, in suburbio civitatis angelopolitanae in erecto nuper in ejus honorem Templo celebratur, & colitur.
Resto del título Ex - Regia Typog. Officina D. Emmanuelis Espinola de los Monteros
300 ## - DESCRIPCIÓN FÍSICA
Extensión [10], 291 p.
Dimensiones 14.7 x 10 cm
500 ## - NOTA GENERAL
Nota general Estado físico: presenta encuadernaion en pergamino con lomo semi desprendido
650 14 - PUNTO DE ACCESO ADICIONAL DE MATERIA--TÉRMINO DE MATERIA
Término de materia o nombre geográfico como elemento de entrada Confesiones
Subdivisión general Iglesia católica
9 (RLIN) 22046
902 ## - CATALOGADOR
Iniciales CFM
942 ## - ELEMENTOS DE PUNTO DE ACCESO ADICIONAL (KOHA)
Fuente del sistema de clasificación o colocación Library of Congress Classification
Tipo de ítem Koha Libros
Holdings
Estado de retiro Estado de pérdida Estado dañado No para préstamo Localización permanente Ubicación/localización actual Fecha de adquisición Total de préstamos Signatura topográfica completa Código de barras Fecha visto por última vez Precio válido a partir de Tipo de ítem Koha
El ejemplar forma parte de la colección y puede ser consultado según las políticas vigentes.       Biblioteca del Museo Franz Mayer (Rogerio Casas-Alatriste) Biblioteca del Museo Franz Mayer (Rogerio Casas-Alatriste) 12/05/2017   BE233 .O95 CFM00178 22/03/2019 22/03/2019 Libros